|
|
|
|
| LEADER |
01240nam a2200337 i 4500 |
| 001 |
EBC5761990 |
| 003 |
MiAaPQ |
| 005 |
20200520144314.0 |
| 006 |
m o d | |
| 007 |
cr cnu|||||||| |
| 008 |
190520s1902 gw o 000 0 ger d |
| 020 |
|
|
|a 9783111692197 (e-book)
|
| 035 |
|
|
|a (MiAaPQ)EBC5761990
|
| 035 |
|
|
|a (Au-PeEL)EBL5761990
|
| 035 |
|
|
|a (OCoLC)1099996771
|
| 040 |
|
|
|a MiAaPQ
|b eng
|e rda
|e pn
|c MiAaPQ
|d MiAaPQ
|
| 050 |
|
4 |
|a PT7235
|b .H487 1902
|
| 082 |
0 |
|
|a 839.61
|2 23
|
| 100 |
1 |
|
|a Heusler, Andreas,
|e author.
|
| 245 |
1 |
4 |
|a Die Lieder der Lucke Im Codex Regius der Edda /
|c Andreas Heusler.
|
| 264 |
|
1 |
|a Berlin :
|b Walter de Gruyter GmbH,
|c 1902.
|
| 300 |
|
|
|a 1 online resource (100 pages)
|
| 336 |
|
|
|a text
|b txt
|2 rdacontent
|
| 337 |
|
|
|a computer
|b c
|2 rdamedia
|
| 338 |
|
|
|a online resource
|b cr
|2 rdacarrier
|
| 588 |
|
|
|a Description based on print version record.
|
| 590 |
|
|
|a Electronic reproduction. Ann Arbor, MI : ProQuest, 2018. Available via World Wide Web. Access may be limited to ProQuest affiliated libraries.
|
| 630 |
0 |
0 |
|a Edda Smundar.
|
| 655 |
|
4 |
|a Electronic books.
|
| 797 |
2 |
|
|a ProQuest (Firm)
|
| 856 |
4 |
0 |
|u https://ebookcentral.proquest.com/lib/matrademy/detail.action?docID=5761990
|z Click to View
|